| 000 -LEADER | |
|---|---|
| fixed length control field | 00384nam a22001577a 4500 |
| 005 - DATE AND TIME OF LATEST TRANSACTION | |
| control field | 20170919151253.0 |
| 008 - FIXED-LENGTH DATA ELEMENTS--GENERAL INFORMATION | |
| fixed length control field | 170919b xxu||||| |||| 00| 0 eng d |
| 020 ## - INTERNATIONAL STANDARD BOOK NUMBER | |
| ISBN | 978-81-265-1102-0 |
| 041 ## - LANGUAGE CODE | |
| Language code of text/sound track or separate title | eng |
| 082 ## - DEWEY DECIMAL CLASSIFICATION NUMBER | |
| Classification number | 621.38152 |
| 100 ## - MAIN ENTRY--AUTHOR NAME | |
| Personal name | Singh,Jasprit |
| 245 ## - TITLE STATEMENT | |
| Title | Semiconductor Devices Basic Principles |
| 260 ## - PUBLICATION, DISTRIBUTION, ETC. (IMPRINT) | |
| Place of publication | New Delhi |
| Name of publisher | Wiley |
| Year of publication | 2001 |
| 300 ## - PHYSICAL DESCRIPTION | |
| Number of Pages | 537 |
| 942 ## - ADDED ENTRY ELEMENTS (KOHA) | |
| Koha item type | Books |
| Lost status | Damaged status | Collection code | Home library | Current library | Shelving location | Date acquired | Source of acquisition | Cost, normal purchase price | Full call number | Accession Number | Koha item type |
|---|---|---|---|---|---|---|---|---|---|---|---|
| Reference | JRU Library | SHELF-30-D | 19/09/2017 | Purchase | 699.00 | 621.38152 | 21992 | Books | |||
| CS/IT | JRU Library | JRU Library | SHELF-56-E | 19/09/2017 | Purchase | 699.00 | 621.38152 | 21993 | Books | ||
| CS/IT | JRU Library | JRU Library | SHELF-56-E | 19/09/2017 | Purchase | 699.00 | 621.38152 | 21994 | Books |